00413nam a2200169Ia 4500003000400000005001700004008004100021020001500062050002200077100001900099245003600118260003500154300003300189440000600222521000700228526000800235OSt20140312150725.0140130s9999 xx 000 0 und d a0590433660 aQL 768b.D67 1991 aDorros, Arthur aAnimal tracks /cArthur Dorros. bScholastic,c1991.aNew York : a40 p. :bcol. ill. ;c19 cm. v1 aG3 c540